[Event "SWE-ch U20"]
[Site "Gothenburg"]
[Date "2005.07.??"]
[Round "6"]
[White "Lindbom, Niclas"]
[Black "Smith, Axel"]
[Result "0-1"]
[WhiteElo "2042"]
[BlackElo "2130"]
[PlyCount "100"]
[EventDate "2005.07.??"]
[EventType "tourn"]
[EventRounds "13"]
[EventCountry "SWE"]
[SourceTitle "EXT 2006"]
[Source "ChessBase"]
[SourceDate "2005.11.24"]
[SourceVersion "1"]
[SourceVersionDate "2005.11.24"]
[SourceQuality "1"]

1. e4 e6 2. d3 d5 3. Nd2 Nf6 4. Ngf3 Nc6 5. c3 Bd6 6. Qe2 e5 7. g3 0-0 8. Bg2 dxe4 9. dxe4 a5 10. 0-0 a4 11. Nc4 b6 12. Nxd6 Qxd6 13. Rd1 Qe6 14. Bg5 Ba6 15. Qc2 Bc4 16. Bxf6 Qxf6 17. b3 axb3 18. axb3 Be6 19. Nd2 Qe7 20. Bf1 Rfb8 21. b4 Qf8 22. Bc4 Bxc4 23. Nxc4 Qe8 24. Ne3 Ne7 25. Rxa8 Rxa8 26. Qd3 Kf8 27. Qd7 Qxd7 28. Rxd7 Rc8 29. Nd5 Nxd5 30. Rxd5 Re8 31. b5 f6 32. c4 Ke7 33. c5 Rd8 34. Rxd8 Kxd8 35. cxb6 cxb6 36. f4 Ke7 37. Kf2 Kd6 38. Kf3 Kc5 39. fxe5 fxe5 40. Kg4 Kxb5 41. Kf5 Kc5 42. Kxe5 b5 43. Kf4 Kd4 44. e5 Kd5 45. e6 Kxe6 46. Ke4 Kf6 47. Kd4 Kg5 48. h3 h5 49. Kc5 h4 50. g4 Kf4 0-1

[Event "SWE-ch U20"]
[Site "Gothenburg"]
[Date "2005.07.??"]
[Round "13"]
[White "Norberg, Erik"]
[Black "Lindbom, Niclas"]
[Result "1-0"]
[WhiteElo "2196"]
[BlackElo "2042"]
[PlyCount "61"]
[EventDate "2005.07.??"]
[EventType "tourn"]
[EventRounds "13"]
[EventCountry "SWE"]
[SourceTitle "EXT 2006"]
[Source "ChessBase"]
[SourceDate "2005.11.24"]
[SourceVersion "1"]
[SourceVersionDate "2005.11.24"]
[SourceQuality "1"]

1. e4 c5 2. Nf3 d6 3. d4 cxd4 4. Nxd4 Nf6 5. Nc3 a6 6. Be2 e6 7. 0-0 Be7 8. Be3 b6 9. f4 Qc7 10. Bf3 Bb7 11. Qe1 0-0 12. Qg3 Rd8 13. e5 dxe5 14. fxe5 Nd5 15. Nxd5 Bxd5 16. Bxd5 Rxd5 17. c4 Rxe5 18. Bf4 Bd6 19. Nf3 Nd7 20. Rad1 f6 21. Rd2 Qxc4 22. Rxd6 Qc5+ 23. Rd4 Rd5 24. b4 Qb5 25. a4 Qxa4 26. Rxd5 exd5 27. Bh6 g6 28. Qd6 Re8 29. Qxd5+ Kh8 30. Ng5 fxg5 31. Qd4+ 1-0